| 000 | 01041nas a2200361 4500 | ||
|---|---|---|---|
| 001 | BR0703819 | ||
| 003 | BR-BrBNA | ||
| 005 | 20231205110927.0 | ||
| 007 | ta | ||
| 008 | 230509b bl.|||p| |||| 00| 00por d | ||
| 040 |
_aBR-BrBNA _bpor _cBiblioteca Nacional de Agricultura |
||
| 041 | _a(Pt) | ||
| 072 | _aL02; L70 | ||
| 100 | 1 | _aBagaldo, A.R. | |
| 100 | 1 | _aPauletti, P. | |
| 100 | 1 | _aDelgado, E.F. | |
| 100 | 1 | _aLanna, D.P.D. | |
| 100 | 1 | _aKindlein, L. | |
| 100 | 1 | _aMachado Neto, R. | |
| 245 | 1 | _aDesenvolvimento intestinal de bezerros recém-nascidos aleitados com colostro de vacas tratadas com rbST | |
| 650 | _aGADO HOLANDÊS | ||
| 650 | _aBEZERRO | ||
| 650 | _aCOLOSTRO | ||
| 650 | _aHORMÔNIO | ||
| 650 | _aVITAMINA E | ||
| 650 | _aINJEÇÃO | ||
| 650 | _aTRATAMENTO | ||
| 650 | _aINTESTINO | ||
| 650 | _aFÍGADO | ||
| 773 | 0 |
_tRevista Brasileira de Zootecnia (Brazil) _xISSN 1516-3598 _g(Jul-Aug 2007), v. 36(4) p. 839-846 _wBR0703819 |
|
| 909 |
_a202311 _bLúcia _c55 _dLúcia Elande |
||
| 942 |
_2AGRIS _n0 _cANA |
||
| 999 |
_c189800 _d189800 |
||